000
00281nam a2200097Ia 4500
008
220120s9999||||xx |||||||||||||| ||und||
100
_a
Narayanaswamy, K.R
_9
12058
245
0
_a
U- Law compading
260
_a
Coorg Institute of Technology
_b
Ponnampet
_c
2005
650
_a
COMPUTER SCIENCE
999
_c
137642
_d
137642